<?xml version="1.0" encoding="UTF-8"?>
<record
    xmlns:xsi="http://www.w3.org/2001/XMLSchema-instance"
    xsi:schemaLocation="http://www.loc.gov/MARC21/slim http://www.loc.gov/standards/marcxml/schema/MARC21slim.xsd"
    xmlns="http://www.loc.gov/MARC21/slim">

  <leader>01299nam a2200361 a 4500</leader>
  <controlfield tag="003">CO-BoRNBP</controlfield>
  <controlfield tag="005">20241010142433.0</controlfield>
  <controlfield tag="007">ta</controlfield>
  <controlfield tag="008">150217s2010    mx o   gr     00010bspa d</controlfield>
  <datafield tag="020" ind1=" " ind2=" ">
    <subfield code="a">9786071601742</subfield>
  </datafield>
  <datafield tag="040" ind1=" " ind2=" ">
    <subfield code="a">CO-BoBLA </subfield>
    <subfield code="b">spa </subfield>
    <subfield code="c">CO-BoBLA</subfield>
  </datafield>
  <datafield tag="041" ind1="1" ind2=" ">
    <subfield code="a">spa </subfield>
    <subfield code="h">ger</subfield>
  </datafield>
  <datafield tag="084" ind1=" " ind2=" ">
    <subfield code="a">N GOT1</subfield>
  </datafield>
  <datafield tag="100" ind1="1" ind2=" ">
    <subfield code="a">Gottschalk, Maren, </subfield>
    <subfield code="d">1962-</subfield>
    <subfield code="9">42894</subfield>
  </datafield>
  <datafield tag="245" ind1="1" ind2="0">
    <subfield code="a">Reinas : </subfield>
    <subfield code="b">cinco soberanas y sus biograf&#xED;as / </subfield>
    <subfield code="c">Maren Gottschalk ; traducci&#xF3;n de Ofelia Arruti.</subfield>
  </datafield>
  <datafield tag="250" ind1=" " ind2=" ">
    <subfield code="a">1a. edici&#xF3;n</subfield>
  </datafield>
  <datafield tag="300" ind1=" " ind2=" ">
    <subfield code="a">164 p&#xE1;ginas ; </subfield>
    <subfield code="c">23 cm.</subfield>
  </datafield>
  <datafield tag="336" ind1=" " ind2=" ">
    <subfield code="2">rdacontent</subfield>
    <subfield code="a">texto</subfield>
    <subfield code="b">txt</subfield>
  </datafield>
  <datafield tag="337" ind1=" " ind2=" ">
    <subfield code="2">rdamedia</subfield>
    <subfield code="a">sin mediaci&#xF3;n</subfield>
    <subfield code="b">n</subfield>
  </datafield>
  <datafield tag="338" ind1=" " ind2=" ">
    <subfield code="2">rdacarrier</subfield>
    <subfield code="a">volumen</subfield>
    <subfield code="b">nc</subfield>
  </datafield>
  <datafield tag="490" ind1="0" ind2=" ">
    <subfield code="a">A trav&#xE9;s del espejo</subfield>
  </datafield>
  <datafield tag="504" ind1=" " ind2=" ">
    <subfield code="a">Incluye referencias bibliogr&#xE1;ficas (p&#xE1;ginas 161-164)</subfield>
  </datafield>
  <datafield tag="534" ind1=" " ind2=" ">
    <subfield code="t">K&#xF6;niginnen. F&#xFC;nf herrscherinnen und ihre lebensgeschichten.</subfield>
  </datafield>
  <datafield tag="600" ind1="0" ind2="7">
    <subfield code="a">Isabel </subfield>
    <subfield code="d">1533-1603</subfield>
    <subfield code="v"> Biograf&#xED;as.</subfield>
    <subfield code="9">42895</subfield>
  </datafield>
  <datafield tag="600" ind1="0" ind2="7">
    <subfield code="a">Catalina </subfield>
    <subfield code="d">1729-1796</subfield>
    <subfield code="v"> Biograf&#xED;as.</subfield>
    <subfield code="9">42896</subfield>
  </datafield>
  <datafield tag="600" ind1="0" ind2="7">
    <subfield code="a">Leonor de Aquitania, </subfield>
    <subfield code="d">1122?-1204</subfield>
    <subfield code="v"> Biograf&#xED;as.</subfield>
    <subfield code="9">42897</subfield>
  </datafield>
  <datafield tag="600" ind1="0" ind2="7">
    <subfield code="a">Isabel </subfield>
    <subfield code="d">1451-1504</subfield>
    <subfield code="v"> Biograf&#xED;as.</subfield>
    <subfield code="9">42898</subfield>
  </datafield>
  <datafield tag="600" ind1="1" ind2="7">
    <subfield code="a">Cristina, </subfield>
    <subfield code="d">1626-1689</subfield>
    <subfield code="v"> Biograf&#xED;as.</subfield>
    <subfield code="9">42899</subfield>
  </datafield>
  <datafield tag="650" ind1=" " ind2="7">
    <subfield code="a">Reinas</subfield>
    <subfield code="v"> Biograf&#xED;as.</subfield>
    <subfield code="2">BLAAUTO</subfield>
    <subfield code="9">42900</subfield>
  </datafield>
  <datafield tag="700" ind1="1" ind2=" ">
    <subfield code="a">Arruti, Ofelia,</subfield>
    <subfield code="e">traductor.</subfield>
    <subfield code="9">42901</subfield>
  </datafield>
  <datafield tag="942" ind1=" " ind2=" ">
    <subfield code="2">ddc</subfield>
    <subfield code="c">BKLIT</subfield>
  </datafield>
  <datafield tag="949" ind1=" " ind2=" ">
    <subfield code="a">n    </subfield>
    <subfield code="b">n</subfield>
  </datafield>
  <datafield tag="999" ind1=" " ind2=" ">
    <subfield code="c">38424</subfield>
    <subfield code="d">38424</subfield>
  </datafield>
  <datafield tag="952" ind1=" " ind2=" ">
    <subfield code="0">0</subfield>
    <subfield code="1">0</subfield>
    <subfield code="2">ddc</subfield>
    <subfield code="4">0</subfield>
    <subfield code="7">0</subfield>
    <subfield code="8">GEN</subfield>
    <subfield code="a">MEGUAMAL</subfield>
    <subfield code="b">MEGUAMAL</subfield>
    <subfield code="c">LIT</subfield>
    <subfield code="d">2024-10-10</subfield>
    <subfield code="l">0</subfield>
    <subfield code="o">N GOT</subfield>
    <subfield code="p">GUA004217</subfield>
    <subfield code="r">2024-10-10 14:26:19</subfield>
    <subfield code="t">Ej.1</subfield>
    <subfield code="w">2024-10-10</subfield>
    <subfield code="y">BKLIT</subfield>
  </datafield>
  <datafield tag="952" ind1=" " ind2=" ">
    <subfield code="0">0</subfield>
    <subfield code="1">0</subfield>
    <subfield code="2">ddc</subfield>
    <subfield code="4">0</subfield>
    <subfield code="7">0</subfield>
    <subfield code="8">GEN</subfield>
    <subfield code="a">MESMARTI</subfield>
    <subfield code="b">MESMARTI</subfield>
    <subfield code="c">GEN</subfield>
    <subfield code="d">2025-05-20</subfield>
    <subfield code="l">0</subfield>
    <subfield code="o">N GOT1</subfield>
    <subfield code="p">SM03865</subfield>
    <subfield code="r">2025-05-20 10:12:17</subfield>
    <subfield code="t">Ej.1</subfield>
    <subfield code="w">2025-05-20</subfield>
    <subfield code="y">BKLIT</subfield>
  </datafield>
  <datafield tag="952" ind1=" " ind2=" ">
    <subfield code="0">0</subfield>
    <subfield code="1">0</subfield>
    <subfield code="2">ddc</subfield>
    <subfield code="4">0</subfield>
    <subfield code="7">0</subfield>
    <subfield code="8">GEN</subfield>
    <subfield code="a">MECASTIL</subfield>
    <subfield code="b">MECASTIL</subfield>
    <subfield code="c">LIT</subfield>
    <subfield code="d">2025-07-08</subfield>
    <subfield code="l">0</subfield>
    <subfield code="o">N GOT1</subfield>
    <subfield code="p">EC01738</subfield>
    <subfield code="r">2025-07-08 11:11:36</subfield>
    <subfield code="t">Ej.1</subfield>
    <subfield code="w">2025-07-08</subfield>
    <subfield code="y">BKLIT</subfield>
  </datafield>
</record>
